CZĘŚCI GARDEROBY WYŁĄCZNIE DLA KOBIET: - Statystyki

Ogólne statystyki
  • Ten quiz został rozwiązany 179 razy
  • Średni wynik to 5 z 6
Statystyki odpowiedzi
Odpowiedź % Poprawnych
SUKIENKA
88%
STANIK
85%
SPÓDNICA
79%
RAJSTOPY
68%
STRINGI
66%
SZPILKI
64%
Nie znaleziono quizów pasujących do podanych kryteriów
Rozkład punktacji
Procent ludzi z każdym wynikiem
Percentyl według liczby udzielonych odpowiedzi
Twoja historia wyników
Nie rozwiązałeś tego quizu